SC Freiburg Squad 2016-2017 - Statistics

General Stats
  • This quiz has been taken 10 times
  • The average score is 14 of 31
Answer Stats
# Position Nation Player % Correct
30 DF Germany Christian Günter
100%
18 FW Germany Nils Petersen
100%
32 FW Italy Vincenzo Grifo
100%
1 GK Germany Alexander Schwolow
80%
- Coach Germany Christian Streich
80%
27 MF Germany Nicolas Höfler
80%
6 MF Albania Amir Abrashi
60%
4 DF Turkey Çağlar Söyüncü
60%
7 FW Germany Florian Niederlechner
60%
23 MF Germany Julian Schuster
60%
3 DF Spain Marc Torrejón
60%
26 FW Germany Maximilian Philipp
60%
11 MF Turkey Onur Bulut
60%
15 DF Germany Pascal Stenzel
60%
44 GK Poland Rafał Gikiewicz
60%
14 FW Norway Håvard Nielsen
40%
19 FW Germany Janik Haberer
40%
31 MF Slovakia Karim Guédé
40%
5 DF Germany Manuel Gulde
40%
16 MF Norway Mats Møller Dæhli
40%
8 MF Germany Mike Frantz
40%
22 MF Switzerland Vincent Sierro
40%
22 MF Germany Jonas Meffert
20%
35 MF Georgia Lucas Hufnagel
20%
17 DF Germany Lukas Kübler
20%
21 GK Germany Patric Klandt
20%
2 DF Serbia Aleksandar Ignjovski
0%
34 FW Palestine Amir Falahen
0%
24 DF Germany Georg Niedermeier
0%
25 DF Germany Jonas Föhrenbach
0%
20 DF Germany Marc-Oliver Kempf
0%
No matching quizzes found
Score Distribution
Percent of People with Each Score
Percentile by Number Answered
Your Score History
You have not taken this quiz